El imperialismo : fase superior del capitalismo

El imperialismo, fase superior del capitalismo es un libro escrito por Vladímir Lenin en 1916. En él, Lenin explica que la época del capitalismo de librecambio toca su fin.

Bibliographic Details
Main Author: Lenin, Wladimir Ilich, 1870-1924
Format: Libro
Language:Spanish
Published: Madrid : Fundación Federico Engel, [2015].
Subjects:
Online Access:Acceso electrónico al documento

MARC

LEADER 00000nam a22000007a 4500
008 200409s1998 sp |||| o|||| 00| 0 spa d
952 |0 0  |1 0  |2 ddc  |4 0  |6 RECURSO_ELECTRONICO  |7 0  |8 COMP  |9 94131  |a BC  |b BC  |c Digital  |d 2020-08-11  |l 0  |o RECURSO ELECTRONICO  |r 2020-08-11 00:00:00  |w 2020-08-11  |y BK  |A 239  |B PHIS 
999 |c 53737  |d 53737 
040 |a UAHC  |c UAHC 
100 |9 2789  |a Lenin, Wladimir Ilich,  |d 1870-1924 
245 |a El imperialismo :  |b  fase superior del capitalismo  |c V. I. Lenin. 
260 |a Madrid :   |b Fundación Federico Engel,  |c  [2015]. 
300 |a 82 p. 
500 |a Sitio visitado https://www.fundacionfedericoengels.net/images/PDF/lenin_imperialismo.pdf el 11 de agosto de 2020. 
520 |a El imperialismo, fase superior del capitalismo es un libro escrito por Vladímir Lenin en 1916. En él, Lenin explica que la época del capitalismo de librecambio toca su fin. 
650 0 |9 5238  |a Capitalismo  |x Aspectos políticos 
650 0 |9 2388  |a Imperialismo  |x Aspectos economicos 
856 |u https://www.fundacionfedericoengels.net/images/PDF/lenin_imperialismo.pdf  |y Acceso electrónico al documento 
900 |a Recurso electrónico 
942 |c BK  |2 ddc